Star Wars: Imperial Officers - Statistics

General Stats
  • This quiz has been taken 78 times
  • The average score is 18 of 44
Answer Stats
Picture Answer % Correct
Orson Callan Krennic
95%
Wilhuff Tarkin
93%
Thrawn
92%
Maximilian Veers
90%
Firmus Piett
85%
Moff Gideon
85%
Wullf Yularen
73%
Kendal Ozzel
72%
Galen Erso
70%
Brendol Hux
65%
Alexsandr Kallus
63%
Lorth Needa
57%
Conan Antonio Motti
55%
Cassio Tagge
48%
Edmon Rampart
48%
Tiaan Jerjerrod
48%
Garrick Versio
45%
Rae Sloane
45%
Arihnda Pryce
42%
Dedra Meero
40%
Penn Pershing
40%
Royce Hemlock
40%
Kassius Konstantine
38%
Gillad Pellaeon
37%
Eli Vanto
27%
Brom Titus
25%
Myles Grint
25%
Zsinj
25%
Cumberlayne Aresko
23%
Gallius Rax
23%
Ysanne Isard
23%
Valin Hess
22%
Bragg
17%
Natasi Daala
15%
Alayus Bolandin
13%
Ardus Kaine
13%
Daine Jir
13%
Kosh Teradoc
13%
Treuten Teradoc
13%
Blitzer Harrsk
12%
Sander Delvardus
10%
Ciena Ree
8%
Leonia Tavira
7%
Grand Moff Randd
5%
No matching quizzes found
Score Distribution
Percent of People with Each Score
Percentile by Number Answered
Your Score History
You have not taken this quiz